000
00272nam a22001217a 4500
008
180123b xxu||||| |||| 00| 0 eng d
041
_a
eng
080
_a
61
100
_a
3
101
_a
SHM
245
_a
The young child and the environment
_c
Sayre,N.E
942
_2
udc
_c
BK
999
_c
40762
_d
40762